000 00402nam a2200169 i 4500
001 bg
100 1 _aBENES, Jiri
245 0 _aTeoria systemów /
_cJ. Benes.
260 _aWarszawa,
_c1979.
490 1 _aInformacja i Sterowanie
830 _aInformacja i Sterowanie
040 _cBPK
041 _apol
080 _a62:65.012:519.71
942 _cKS
008 s pl f |000 0 pol
999 _c18979
_d18979
856 _uhttp://koha.tu.koszalin.pl/cgi-bin/koha/opac-detail.pl?biblionumber=18979
_yKatalog online BPK